Obálka Náhled e-knihy:
PDF Epub
Pro půjčování e-knih musíte být přihlášeni.
Jak si půjčit online?

Příběhy z temnot /

OCITL SE UPROSTŘED SVÝCH OBLÍBENÝCH HORORŮ. JDE DO TUHÉHO. TOHLE JE DOOPRAVDY.Alex je newyorský chlapec, který si libuje ve všem, co je alespoň trochu děsivé. Sám si dokonce píše hrůzostrašné povídky. Jsou dobré? Nebo ne? To právě teď zjišťuje na vlastní kůži – závisí na nich totiž jeho život. Padl...

Celý popis

Uloženo v:
Série:Příběhy z temnot, část 1
Hlavní autor: White, J. A. (Autor)
Médium: E-kniha
Jazyk:Czech
Vydáno: Praha : Knihy Dobrovský, 2026
Příbuzné jednotky:Z cyklu:: Příběhy z temnot
Tagy:
Žádné tagy
LEADER 01595nam a22002417i 4500
001 297550
007 ta
008 260411s2026 xr ||||| |||| 00| 0 cze d
020 |a 9788027760121 
044 |a xr 
100 1 |a  White, J. A.  |4 aut 
245 1 0 |a Příběhy z temnot /  |c  White, J. A. 
264 1 |a Praha :  |b Knihy Dobrovský,  |c 2026 
300 |a 1 online zdroj (272 stran) 
336 |a text  |b txt  |2 rdacontent 
337 |a bez média  |b n  |2 rdamedia 
338 |a online zdroj  |b cr  |2 rdacarrier 
520 2 |a OCITL SE UPROSTŘED SVÝCH OBLÍBENÝCH HORORŮ. JDE DO TUHÉHO. TOHLE JE DOOPRAVDY.Alex je newyorský chlapec, který si libuje ve všem, co je alespoň trochu děsivé. Sám si dokonce píše hrůzostrašné povídky. Jsou dobré? Nebo ne? To právě teď zjišťuje na vlastní kůži – závisí na nich totiž jeho život. Padl do nástrah kruté čarodějnice, které musí večer co večer převyprávět strašidelný příběh. Dobrý strašidelný příběh. Jinak… Zatím ještě stále žije. Večery ale přibývají a zásoba Alexových povídek se tenčí… 
787 0 8 |g 1  |i Z cyklu:  |t Příběhy z temnot 
910 |a RBIT002 
998 |d 426060  |a https://core.palmknihy.cz/api/books/426060/cover?td9p80  |b https://core.palmknihy.cz/api/books/426060/cover/400?td9p80  |c https://core.palmknihy.cz/api/books/426060/cover/50?td9p80  |e   |g 272  |i 9788027760121  |j https://core.palmknihy.cz/api/books/426060/preview.epub  |k https://core.palmknihy.cz/api/books/426060/preview.pdf  |l   |q 49  |r 1  |s https://www.palmknihy.cz/kniha/426060  |t ebook  |y 2026  |z 1  |v Příběhy z temnot  |w 1 
999 |d 297548